| 000 | 00387 a2200133 4500 | ||
|---|---|---|---|
| 005 | 20250623111808.0 | ||
| 020 | _a0-02-385950-4 | ||
| 082 | _aLM 621.31 NAS | ||
| 100 | _aNASAR, S. A. | ||
| 245 | _aElectronic Machines and Transformation | ||
| 260 |
_aNew York, _bMacmillan Publishing Company, _c1984. |
||
| 300 |
_axii,351p.: ill.; figure, picture, table. _bIndex. _c24cm. |
||
| 942 |
_2ddc _cBKS |
||
| 999 |
_c3193 _d3193 |
||